000 00350nam a22001097a 4500
082 _a891.433/AJA /N
100 _aडॉ के सी अजयकुमार
_983803
245 _aकालिदास
260 _aभोपाल
_bआईसेक्‍ट पब्लिकेशन
_c2025
650 _aउपन्‍यास
942 _cHIN
999 _c68790
_d68790